000 00433nam a22001217a 4500
008 230621b xxu||||| |||| 00| 0 eng d
082 _a328.4
_bCPA
100 _cCommonwealth Parliamentary Association
245 _areport of proceedings of the Seventeenth commomwealth Parliamentary conference held in KUALA LUMPUR September 1971
260 _aMalawi
_bCommonwealth Parliamentary Association
_c1971
300 _a324p
942 _2ddc
_cBK
999 _c2152
_d2152